The Wednesday Addams Quiz - Statistics

General Stats
  • This quiz has been taken 867 times
  • The average score is 6 of 14
Answer Stats
Question Answer % Correct
What is the name of Wednesday’s ancestor ? Goody
65%
What instrument does Wednesday play ? Cello
61%
What species is the monster that killed several people ? Hyde
60%
What does Wednesday throw into the swimming pool ? Piranhas
59%
What is Eugene’s passion ? Bees
58%
What is Wednesday’s brother’s name ? Pugsley Addams
57%
How do you get into the library of the secret society ? Snap twice
50%
Who can produce electricity ? Uncle Fester
44%
Who stabbed Garett Gates ? Morticia Addams
41%
Who planned Wednesday’s birthday party ? The thing
37%
What did Eugene eat that made him puke ? Fudge
32%
Where does Tyler work at ? Coffee shop
29%
Who sabotages the Roe Cup ? Siren
9%
What is Xavier Thorpe’s superpower ? Animation
7%
No matching quizzes found
Score Distribution
Percent of People with Each Score
Percentile by Number Answered
Your Score History
You have not taken this quiz